01474 a2200265 45000010006000000050017000060080041000230030015000640400040000790800039001192450035001580200018001932640043002113000025002545050604002791000026008837000021009097000024009307000026009547000028009807000017010087000030010257000031010558560122010861342120260407155442.0260407a1999 arg spa dAR-UNSa-BCEJYS aAR-UNSa-BCEJYSbspacAR-UNSa-BCEJYS a657.6xAuditoria (control interno)10aAuditoriaptemas seleccionados a950-537-494-1 1aBuenos Aires :bEdiciones Macchic1999 axvii, 393 p.c22 cm. a1.La auditoria integral - 2.La auditoria del medio ambiente - 3.La auditoria y la corrupción - 4.Los cambios en el proceso de presentación de servicios profesionales de auditoría - 5.Nuevas pautas y enfoque del control interno - 6.La federación internacional de contadores - 7.Auditoría de entidades financieras - 8.Auditoría de entidades aseguradoras - 9.Normas de información contable requeridas para las sociedades que hacen oferta pública de sus valores mobiliarios - 10.Procedimientos de revisión analítica - 11.El auditor externo frente al inventario fisico de existencias.1 aCasal, Armando Miguel1 aWainstein, Mario1 aHourcle, Roberto A.1 aLattuca, Antonio Juan1 aLópez, Ricardo Daniel1 aLores, Jorge1 aNacuzzi, Norberto Marcelo1 aSrulevich, Carlos Bernardo41uhttps://biblioeco.unsa.edu.ar/pmb/images/libros/Auditoria Wainstein, Mario (1999).jpgyImagen de portadaqimage/jpeg